Going on being (Record no. 183040)
[ view plain ]
| 000 -LEADER | |
|---|---|
| fixed length control field | 01450nam a2200361 a 4500 |
| 082 04 - DEWEY DECIMAL CLASSIFICATION NUMBER | |
| Classification number | 294.3/42 |
| 100 1# - MAIN ENTRY--AUTHOR NAME | |
| Personal name | Epstein, Mark, |
| 245 10 - TITLE STATEMENT | |
| Title | Going on being |
| 260 ## - PUBLICATION, DISTRIBUTION, ETC. (IMPRINT) | |
| Place of publication | Boston : |
| Name of publisher | Wisdom Publications, |
| Year of publication | c2008. |
| 300 ## - PHYSICAL DESCRIPTION | |
| Number of Pages | xxi, 155 p. |
| 500 ## - GENERAL NOTE | |
| General note | Previously published: New York : Broadway Books, c2001. |
| 650 #0 - SUBJECT ADDED ENTRY--TOPICAL TERM | |
| Topical Term | Buddhism |
| Topical Term | Psychotherapy |
| Topical Term | Awareness. |
| Topical Term | Spiritual life |
| 856 40 - ELECTRONIC LOCATION AND ACCESS | |
| Uniform Resource Identifier | http://site.ebrary.com/lib/rucke/Doc?id=10407997 |
No items available.
